000 00619nam a2200205Ia 4500
005 20250508153201.0
008 008 250505s9999 xx 000 0 eng d
037 _aTextual
040 _aFEDL
_beng
_cFEDL
041 _aeng
_2eng
084 _a301.15, HOM
_qFEDL
100 _aHomans George Caspar
245 0 _aSocial behaviour: Its elementary forms
260 _aLondon, UK
_bRoutledge and Kegan Paul
_c1961
300 _aviii,404p
490 _aInternational library of sociology and social reconstruction
650 _aSociology
942 _cTEXL
_h301.15, HOM
999 _c1341096
_d1341096